| 000 | 00521 a2200193 4500 | ||
|---|---|---|---|
| 999 |
_c4792 _d4792 |
||
| 020 |
_a0435908340 _a0435908359 |
||
| 050 | 0 | 0 | _aPR9381.9 NGU 1986 |
| 100 | 0 |
_aNgugi Wa Thiong'o _d1938- _eauthor |
|
| 245 | 1 | 0 |
_aPetals of blood / _cNgugi Wa Thiong'o. |
| 250 | _a1st American ed. | ||
| 264 |
_aOxford : _bHeinemann, _c1986 |
||
| 300 | _a344 p. ; | ||
| 440 | _aAfrican writers series | ||
| 500 | _anovel | ||
| 650 |
_aKenya _xFiction |
||
| 650 | _aPolitical fiction | ||
| 651 | 0 | _aKenya | |
| 942 |
_2lcc _cBK _h9381.9 _iNGU _kPR |
||